000 00516nam a2200169Ia 4500
008 090201s9999 xx 000 0 und d
010 _aKPL-9264
040 _bमराठी
041 _aमराठी
082 _a41206
_b9264
100 _aश्रीकांत सिनकर
245 _aअभागी
_cश्रीकांत सिनकर
260 _c2004
_bराजेंद्र प्रकाशन
300 _a114
_bमोठा
600 _aअभागी
942 _cBOOK
999 _c238419
_d238419